00556 2200205 4500001002100000005001500021035002000036007000300056008004100059020001800100082001000118084001600128100002500144245007500169250001000244260003800254300002800292650001900320990001100339INLIS00000000000600620200827092749 a0010-0820000007ta200827 g 0 ind  a9786068674522 a613.6 a613.6 ARY t0 aAryono D.Pusponegoro1 aThe Silent Disaster bencana, dan korban massal /cAryono D.Pusponegoro acet.1 aJakarta :bCV. sagung Seto,c2011 a130 hlm ;c15,5 x 24 cm 4aKORBAN BENCANA a3637 a